Mennyei romok ; Megemlékezések a nevekről [elbeszélések] /
Elmentve itt :
| Szerző: | |
|---|---|
| Dokumentumtípus: | Cikk |
| Megjelent: |
1978
|
| Sorozat: | Tiszatáj
32 No. 8 |
| Kulcsszavak: | Magyar irodalom - novella |
| Online Access: | http://tiszataj.bibl.u-szeged.hu/10160 |
| LEADER | 00610nab a2200181 i 4500 | ||
|---|---|---|---|
| 001 | tisza10160 | ||
| 005 | 20200330142529.0 | ||
| 008 | 170530s1978 hu o 0|| hun d | ||
| 022 | |a 0133-1167 | ||
| 040 | |a SZTE Tiszatáj Archívum |b hun | ||
| 041 | |a hun | ||
| 100 | 1 | |a Bálint Tibor | |
| 245 | 1 | 0 | |a Mennyei romok ; Megemlékezések a nevekről |h [elektronikus dokumentum] : |b [elbeszélések] / |c Bálint Tibor |
| 260 | |c 1978 | ||
| 300 | |a 59-66 | ||
| 490 | 0 | |a Tiszatáj |v 32 No. 8 | |
| 695 | |a Magyar irodalom - novella | ||
| 856 | 4 | 0 | |u http://tiszataj.bibl.u-szeged.hu/10160/1/tiszataj_1978_008_059-066.pdf |z Dokumentum-elérés |